La humanización como formación : La filosofía y la enseñanza de la filosofía en la condición postmoderna
Сохранить в:
| Главный автор: | |
|---|---|
| Формат: | |
| Язык: | Undetermined |
| Опубликовано: |
Bogotá, Colombia
Taller San pablo
2008
|
| Предметы: | |
| Метки: |
Добавить метку
Нет меток, Требуется 1-ая метка записи!
|
MARC
| LEADER | 00000nam a2200000Ia 4500 | ||
|---|---|---|---|
| 008 | 170316s9999 xx 000 0 und d | ||
| 090 | |a 100 V-3.1h | ||
| 100 | |a Vargas Guillén, Germán; Gamboa Sarmiento, Sonia Cristina; Reeder, Harry P. | ||
| 245 | |a La humanización como formación : La filosofía y la enseñanza de la filosofía en la condición postmoderna | ||
| 260 | |a Bogotá, Colombia | ||
| 260 | |b Taller San pablo | ||
| 260 | |c 2008 | ||
| 300 | |a 240 páginas | ||
| 650 | |a FILOSOFÍA | ||
| 650 | |a LA HUMANIZACIÓN | ||
| 650 | |a ENSEÑANZA DE LA FILOSOFÍA | ||
| 650 | |a HUMANISMO - FORMACIÓN | ||
| 650 | |a LA FORMACIÓN | ||
| 650 | |a GLOBALIZACIÓN - INTERCULTURALIDAD | ||
| 650 | |a PENSAMIENTO CRÍTICO | ||
| 650 | |a ARGUMENTACIÓN | ||
| 650 | |a LOS VALORES | ||
| 650 | |a LA DIDACTICA | ||
| 650 | |a LA FILOSOFÍA EN LA SOCIEDAD | ||
| 650 | |a APRENDIZAJE DE LA FILOSOFÍA | ||
| 650 | |a TECNOLOGÍAS DE LA INFORMACIÓN | ||
| 650 | |a COMUNICACIÓN EN LA ENSEÑANZA DE LA FILOSOFÍA | ||
| 650 | |a FORMACIÓN - SUBJETIVIDAD | ||
| 999 | |c 17880 |d 17880 | ||
| 040 | |a cru BVZT | ||
| 942 | |c 15 D |h 100 V-3.1h |2 z | ||
